| 000 | 01080cam a2200301 i 4500 | ||
|---|---|---|---|
| 003 | SA-RiAUC | ||
| 005 | 20250826061612.0 | ||
| 008 | 250818s1979 ua g b 001 0bara c | ||
| 020 | _a977247798X | ||
| 040 |
_aSA-RiAUC _bara _cSA-RiAUC _erda |
||
| 050 | 4 | _bJ56 1979 | |
| 082 | 0 | 4 | _a922.118 |
| 090 |
_a922.118 _bج ن د |
||
| 100 | 1 |
_aالجندي، عبد الحليم _eمؤلف. |
|
| 245 | 1 | 2 |
_aالإمام محمد عبده / _cعبد الحليم الجندي. |
| 264 | 1 |
_aالقاهرة : _bدار المعارف، _c1979 |
|
| 300 |
_a190 صفحة ؛ _c24 سم |
||
| 336 |
_aنص _btxt _2rdacontent _3كتاب |
||
| 337 |
_aبدون وسيط _bn _2rdamedia |
||
| 338 |
_aمجلد _bnc _2rdacarrier |
||
| 500 | _aيشتمل على كشافات. | ||
| 504 | _aببليوجرافية : صفحة 183-185. | ||
| 600 | 0 | 7 |
_aمحمد عبده، _cالشيخ، _d1266-1323 هجري _2aucnm |
| 650 | 7 |
_aالمصلحون _vتراجم _2aucsh |
|
| 650 | 7 |
_aالمسلمون _vتراجم _2aucsh |
|
| 942 |
_2ddc _cBOOK _n0 |
||
| 949 |
_aSA-JeALM _d250818 _umohamedma123 _n1 |
||
| 999 |
_c11141 _d11141 |
||